Θέματα γεωργίας αγροτικής και τοπικής ανάπτυξης
Αποθηκεύτηκε σε:
| Κύριος συγγραφέας: | |
|---|---|
| Συγγραφή απο Οργανισμό/Αρχή: | |
| Μορφή: | Βιβλίο |
| Γλώσσα: | Greek |
| Δημοσίευση: |
Αθήνα :
ΚΕΠΕ,
1996
|
| Σειρά: | Εκθέσεις (Κέντρο Προγραμματισμού και Οικονομικών Ερευνών)
; 23 |
| Θέματα: | |
| Ετικέτες: |
Προσθήκη ετικέτας
Δεν υπάρχουν, Καταχωρήστε ετικέτα πρώτοι!
|
MARC
| LEADER | 00000nam a2200000 i 4500 | ||
|---|---|---|---|
| 001 | 1/6325 | ||
| 008 | 960628s1996 gre d | ||
| 020 | |a 960-341-020-9 | ||
| 035 | |l 10016314 | ||
| 040 | |a GR-MY-UA |b gre |e aacr | ||
| 041 | 0 | |a gre | |
| 082 | 0 | |a 338.109495 | |
| 100 | 1 | |a Καραμπάτσου-Παχάκη, Καλλιόπη. | |
| 245 | 1 | 0 | |a Θέματα γεωργίας αγροτικής και τοπικής ανάπτυξης / |c Καλλιόπη Καραμπάτσου-Παχάκη |
| 260 | |a Αθήνα : |b ΚΕΠΕ, |c 1996 | ||
| 300 | |a 207 σ. |b πίν. | ||
| 490 | 1 | |a Εκθέσεις (Κέντρο Προγραμματισμού και Οικονομικών Ερευνών) |v ; 23 | |
| 650 | 0 | 0 | |a Rural development |z Greece. |
| 650 | 0 | 0 | |a Agricultural development projects |z Greece. |
| 650 | 0 | 0 | |a Agriculture |x Economic aspects |z Greece. |
| 710 | 2 | |a Κέντρο Προγραμματισμού και Οικονομικών Ερευνών. | |
| 830 | 0 | |a Εκθέσεις (Κέντρο Προγραμματισμού και Οικονομικών Ερευνών) |v ; 23 | |
| 852 | |a INST |b LESVOS |e 19960628 |h 338.109495 ΚΑΡ |p 005100009771 |q 005100009771 |t BK |y 0 | ||
| 909 | |a Λ |b 045949 | ||
| 922 | |a 1ΔΩΡ |b 199605 |c ΚΕΠΕ | ||